000 00592nam a2200133Ia 4500
008 220615s9999||||xx |||||||||||||| ||und||
020 _a10600009600
100 _aEldridge, Robert D.
245 0 _aIwo Jima and the Bonin Islands in U.S.-Japan Relations
_bAmerican Strategy, Japanese Territory, and the Islanders In-Between
546 _aEnglish[eng]
650 _aWorld War II||Pacific campaign||Iwo Jima||Bonin Islands||repatriation||international relations
856 _uhttps://www.usmcu.edu/Portals/218/HD%20MCUP/MCUP%20Pubs/IwoJimaBoninIsland.pdf?ver=2018-10-11-094057-140
942 _cEB
999 _c15303
_d15303